000 00760cam a22002534a 4500
008
020 _a9780340940846 (pbk.)
049 _aMAIN
090 0 _aRD31
_bCLI
245 0 0 _aClinical surgery :
_ba practical guide /
_cedited by Qassim F. Baker and Munther I. Aldoori.
260 _aLondon :
_bEdward Arnold ,
_c2009.
300 _axi, 434 p. :
_bill. ; 24 cm.
500 _aIncludes and index.
504 _aIncludes bibliographical references.
650 0 _aSurgery.
650 1 2 _aSurgery, Operative.
700 1 _aBaker,Qassim F.
700 _aAldoori, Munther I.
907 _a.b10290138
_b13-06-11
_c26-01-11
003
005 20230120204103.0
040 _cNUST
942 _cBOOKS
_kRD31
_mCLI
999 _c116888
_d116888